| 000 | 00446nam a22001697a 4500 | ||
|---|---|---|---|
| 005 | 20130924144946.0 | ||
| 010 | _aG-2208 | ||
| 020 |
_a9788125952220 _c95.00 |
||
| 035 | _aG-2208 | ||
| 037 | _aGIFT | ||
| 245 |
_aVoices _bA multi-skill course in English |
||
| 260 |
_aNDelhi _bMadhubun |
||
| 270 |
_a576,Masjid Road,Jangpura _bN.Delhi _e110014 |
||
| 300 |
_a116p. _bcol.ill. _c21cm(pbk) |
||
| 942 |
_2ddc _cCH _hS _mVOI |
||
| 999 |
_c79619 _d79619 |
||